Crónica del I Congreso Extraordinario de la Organización Interamericana de Cooperación Intermunicipal : Montevideo, 22-26 noviembre 1976 Montevideo, 22-26 noviembre 1976
Descripción Física:
304 p. : il., [5] p. de làm. ; 24 cm
MARC
| LEADER | 00000nam a2200000Ia 4500 | ||
|---|---|---|---|
| 001 | 1794 | ||
| 008 | 160829s1978 xx 000 0 cat d | ||
| 080 | |a M-3-238 | ||
| 100 | |a Congreso Extraordinario de la Organización Interamericana de Cooperación Intermunicipal (1r : 1976 : Montevideo) |9 28271 | ||
| 245 | |a Crónica del I Congreso Extraordinario de la Organización Interamericana de Cooperación Intermunicipal : |b Montevideo, 22-26 noviembre 1976 | ||
| 260 | |a Madrid : |b Instituto de Estudios de Administración Local, |c 1978 | ||
| 300 | |a 304 p. : |b il., [5] p. de làm. ; |c 24 cm | ||
| 650 | 0 | |a Municipis |x Govern i administració |v Congressos |9 27594 | |
| 710 | 2 | |a Instituto de Estudios de Administración Local (Espanya) |9 54775 | |
| 901 | |a Arxiu | ||
| 942 | |n 1 | ||
| 952 | |0 0 |1 0 |4 0 |6 M3238 |7 1 |9 44752 |a Arxiu |b Arxiu |d 2016-12-01 |l 0 |o M-3-238 |p 1794 |r 2016-12-01 00:00:00 |w 2016-12-01 |y ARXIU | ||
| 999 | |c 47334 |d 47334 | ||